000 00683nam a2200229 a 4500
001 BRCA_1852
005 20190320203557.0
008 050608s1981----mx-a---###---#000-0#spa-#
020 _a9685800987
041 _aspa
044 _amx
050 4 _aNK4890
_b.M37 1981
245 1 0 _aMáscaras.
260 _aMéxico
_bUNAM, Museo Universitario de Ciencias y Arte
_c1981
300 _a119 p.
_bil.
_c25 cm.
504 _aBibliografía : p. 70
546 _aTexto en : español, inglés y francés
600 1 4 _aOgazón, Estela
_xColecciones de arte
_95748
650 1 4 _aMáscaras
_xDanza
_zMéxico
_95749
650 1 4 _aMáscaras
_xColecciones privadas
_zMéxico
_95750
942 _2lcc
_cB
999 _c1630
_d1630